[Event "Francisco Martinez 8th tt"]
[Site "Santa Clara"]
[Date "2018.08.21"]
[Round "10.2"]
[White "Perez Draguich, Jorge Luis"]
[Black "Figueredo Dominguez, Reinaldo R"]
[Result "1/2-1/2"]
[WhiteElo "1945"]
[BlackElo "1922"]
[PlyCount "27"]
[EventDate "2018.08.16"]
[EventType "team-tourn"]
[EventRounds "10"]
[EventCountry "CUB"]
[EventCategory "8"]
[SourceTitle "EXT 2021"]
[Source "ChessBase"]
[SourceDate "2020.10.23"]
[SourceVersion "1"]
[SourceVersionDate "2020.10.23"]
[SourceQuality "1"]

1. d4 Nf6 2. c4 g6 3. Nc3 Bg7 4. e4 0-0 5. Nf3 d6 6. Be2 Nbd7 7. 0-0 e5 8. d5 Nc5 9. Nd2 a5 10. b3 Bd7 11. a3 c6 12. Re1 Bh6 13. Qc2 Qb6 14. Rb1 1/2-1/2

[Event "Francisco Martinez 8th tt"]
[Site "Santa Clara"]
[Date "2018.08.17"]
[Round "3.3"]
[White "Figueredo Dominguez, Reinaldo R"]
[Black "Rodriguez Lugo, Octavio"]
[Result "1-0"]
[WhiteElo "1922"]
[BlackElo "1914"]
[PlyCount "155"]
[EventDate "2018.08.16"]
[EventType "team-tourn"]
[EventRounds "10"]
[EventCountry "CUB"]
[EventCategory "8"]
[SourceTitle "EXT 2021"]
[Source "ChessBase"]
[SourceDate "2020.10.23"]
[SourceVersion "1"]
[SourceVersionDate "2020.10.23"]
[SourceQuality "1"]

1. e4 e6 2. d4 d5 3. Nc3 Nf6 4. Bg5 Be7 5. e5 Nfd7 6. h4 a6 7. Qg4 h5 8. Qg3 c5 9. dxc5 Nc6 10. Bxe7 Qxe7 11. Qxg7 Rf8 12. Nf3 Nxc5 13. Ng5 Nd4 14. 0-0-0 Nf5 15. Qh7 Bd7 16. Qxh5 0-0-0 17. g4 Ng7 18. Qh6 Ne8 19. Nh7 Rh8 20. Qg5 f6 21. Nxf6 Bc6 22. Bg2 Qc7 23. Kb1 Nxf6 24. exf6 Rdg8 25. Qc1 Rxg4 26. Bh3 Rgxh4 27. Qe3 Bd7 28. Rd4 Rxd4 29. Qxd4 Rf8 30. b4 Ne4 31. Nxe4 dxe4 32. Rg1 Bc6 33. Rg7 Qf4 34. Qa7 Bd5 35. Qa8+ Qb8 36. Qxb8+ Kxb8 37. f7 Kc7 38. a3 Kd6 39. Kc1 Ke7 40. Kd2 Kf6 41. Rg4 Rxf7 42. Rf4+ Ke7 43. Ke3 Rh7 44. Bg2 Kd6 45. Bxe4 Bxe4 46. Rxe4 Rh3+ 47. f3 Rh2 48. Rd4+ Ke5 49. Rd2 Rh1 50. Rd7 Ra1 51. Rd3 Ra2 52. Rc3 b6 53. Kd2 Kd5 54. Kd3 Ra1 55. Ke3 Re1+ 56. Kf4 Kd4 57. Rc6 e5+ 58. Kg3 Re3 59. Rxb6 Rxa3 60. Kg4 e4 61. fxe4 Kxe4 62. c4 Rb3 63. c5 Kd5 64. Kf5 Rf3+ 65. Kg6 Rf4 66. Kg5 Rc4 67. Kf6 a5 68. Rd6+ Ke4 69. bxa5 Rxc5 70. a6 Ra5 71. Ke6 Ra1 72. Kd7 Ke5 73. Kc7 Ra2 74. Rb6 Kd5 75. Kb7 Rh2 76. a7 Rh7+ 77. Ka6 Rh8 78. Rb8 1-0

[Event "Agosto de Victorias op"]
[Site "Mayabeque"]
[Date "2018.08.06"]
[Round "5"]
[White "Guzman Pino, Daniela"]
[Black "Figueredo Dominguez, Reinaldo R"]
[Result "0-1"]
[WhiteElo "1736"]
[BlackElo "1921"]
[PlyCount "68"]
[EventDate "2018.08.04"]
[EventType "swiss"]
[EventRounds "9"]
[EventCountry "CUB"]
[SourceTitle "EXT 2021"]
[Source "ChessBase"]
[SourceDate "2020.10.23"]
[SourceVersion "1"]
[SourceVersionDate "2020.10.23"]
[SourceQuality "1"]

1. e4 e5 2. Nf3 Nc6 3. Bb5 a6 4. Ba4 Nf6 5. d4 exd4 6. 0-0 Be7 7. Re1 b5 8. e5 Nxe5 9. Nxe5 bxa4 10. Qxd4 0-0 11. Qxa4 Rb8 12. a3 Bb7 13. Nc3 d6 14. Nc6 Bxc6 15. Qxc6 Rb6 16. Qf3 d5 17. b3 Re6 18. Bb2 Bd6 19. Rxe6 fxe6 20. Re1 Qd7 21. Qh3 Re8 22. Qd3 Qf7 23. h3 Nh5 24. Ne2 Rf8 25. Qe3 c5 26. Rf1 Qg6 27. Qd2 Rf3 28. Kh1 Qf5 29. Kg1 Bf4 30. Qd1 Rxh3 31. gxh3 Qxh3 32. Ng3 Nxg3 33. Qf3 Qxf1+ 34. Kh2 Ne2+ 0-1

[Event "CUB Province-chT Schools 54th"]
[Site "Santa Clara"]
[Date "2018.07.13"]
[Round "2.8"]
[White "Arteaga Garcia, Alejandro"]
[Black "Figueredo Dominguez, Reinaldo R"]
[Result "1-0"]
[WhiteElo "2137"]
[BlackElo "2018"]
[PlyCount "79"]
[EventDate "2018.07.13"]
[EventType "team-swiss"]
[EventRounds "9"]
[EventCountry "CUB"]
[SourceTitle "CBM 195 Extra"]
[Source "ChessBase"]
[SourceDate "2020.05.31"]
[SourceVersion "1"]
[SourceVersionDate "2020.05.31"]
[SourceQuality "1"]
[WhiteTeam "Artemisa"]
[BlackTeam "Cienfuegos"]
[WhiteTeamCountry "CUB"]
[BlackTeamCountry "CUB"]

1. c4 g6 2. Nc3 Bg7 3. g3 e5 4. Bg2 d6 5. e3 c6 6. Nge2 Nf6 7. e4 0-0 8. 0-0 Nbd7 9. d3 a6 10. h3 b5 11. Be3 Bb7 12. f4 b4 13. Na4 Bh6 14. Qd2 a5 15. b3 Qe7 16. Rae1 Nh5 17. Kh2 exf4 18. Nxf4 Nxf4 19. gxf4 Qh4 20. Qf2 Qxf2 21. Rxf2 Rfe8 22. d4 f5 23. e5 dxe5 24. fxe5 Bg7 25. Bf4 h6 26. Rd2 g5 27. Bg3 f4 28. Bf2 Rab8 29. e6 Nf6 30. d5 cxd5 31. cxd5 g4 32. hxg4 Nxg4+ 33. Kg1 Nxf2 34. Kxf2 Bc3 35. Nxc3 bxc3 36. Rc2 Rbd8 37. Re5 Kg7 38. Rxc3 Kf6 39. Rh5 Kg6 40. Rch3 1-0

[Event "Tomas Aguilera Angelino Memorial"]
[Site "Ciego de Avila"]
[Date "2018.04.10"]
[Round "9"]
[White "Gallar Tamayo, Abel"]
[Black "Figueredo Dominguez, Reinaldo R"]
[Result "1-0"]
[WhiteElo "2150"]
[BlackElo "1880"]
[PlyCount "65"]
[EventDate "2018.04.05"]
[EventType "swiss"]
[EventRounds "9"]
[EventCountry "CUB"]
[SourceTitle "EXT 2021"]
[Source "ChessBase"]
[SourceDate "2020.10.23"]
[SourceVersion "1"]
[SourceVersionDate "2020.10.23"]
[SourceQuality "1"]

1. d4 Nf6 2. Nc3 g6 3. e4 d6 4. Nf3 Bg7 5. Bg5 0-0 6. Qd2 Nbd7 7. Bh6 e5 8. Bxg7 Kxg7 9. 0-0-0 Qe7 10. h4 c6 11. Ng5 h6 12. Nh3 b5 13. f3 Nb6 14. g4 h5 15. g5 Nfd7 16. f4 b4 17. Ne2 exf4 18. Nexf4 c5 19. Bb5 Bb7 20. Rhe1 Rac8 21. e5 cxd4 22. Qxd4 dxe5 23. Bxd7 Nxd7 24. Qxd7 Qxd7 25. Rxd7 exf4 26. Rxb7 Rc4 27. Rf1 Rfc8 28. Nxf4 Rxc2+ 29. Kb1 Rh2 30. Ne6+ Kg8 31. Rbxf7 Rxh4 32. Rg7+ Kh8 33. Rxg6 1-0

[Event "Tomas Aguilera Angelino Memorial"]
[Site "Ciego de Avila"]
[Date "2018.04.06"]
[Round "3"]
[White "Figueredo Dominguez, Reinaldo R"]
[Black "Salina Parra, Leandro"]
[Result "1-0"]
[WhiteElo "1880"]
[BlackElo "2029"]
[PlyCount "37"]
[EventDate "2018.04.05"]
[EventType "swiss"]
[EventRounds "9"]
[EventCountry "CUB"]
[SourceTitle "EXT 2021"]
[Source "ChessBase"]
[SourceDate "2020.10.23"]
[SourceVersion "1"]
[SourceVersionDate "2020.10.23"]
[SourceQuality "1"]

1. e4 c5 2. Nf3 e6 3. d4 cxd4 4. Nxd4 a6 5. Bd3 Qc7 6. Be3 Nf6 7. 0-0 Be7 8. c4 Nc6 9. Nc3 d6 10. Qe2 Bd7 11. f4 Nxd4 12. Bxd4 e5 13. fxe5 dxe5 14. Be3 Bc5 15. Qf2 Bxe3 16. Qxe3 Ng4 17. Nd5 0-0-0 18. Qa7 Qb8 19. Qc5+ 1-0

[Event "Universidad de Cienfuegos-D 10th"]
[Site "Cienfuegos"]
[Date "2018.02.25"]
[Round "11"]
[White "Figueredo Dominguez, Reinaldo R"]
[Black "Rodriguez Lugo, Octavio"]
[Result "1/2-1/2"]
[WhiteElo "1936"]
[BlackElo "1938"]
[PlyCount "77"]
[EventDate "2018.02.20"]
[EventType "tourn"]
[EventRounds "14"]
[EventCountry "CUB"]
[SourceTitle "EXT 2021"]
[Source "ChessBase"]
[SourceDate "2020.10.23"]
[SourceVersion "1"]
[SourceVersionDate "2020.10.23"]
[SourceQuality "1"]

1. e4 c5 2. Nf3 g6 3. d4 cxd4 4. Qxd4 Nf6 5. Nc3 Nc6 6. Qa4 a6 7. Bg5 Bg7 8. 0-0-0 0-0 9. e5 Ne8 10. Qe4 Qa5 11. Bc4 Nc7 12. Nd5 Nxd5 13. Qxd5 Qxd5 14. Bxd5 h6 15. Bh4 g5 16. Bg3 g4 17. Bxc6 dxc6 18. Nd2 Bf5 19. Nb3 a5 20. Nd4 Bg6 21. h4 Rfd8 22. f4 Be4 23. Rhg1 c5 24. Nb5 Bc6 25. Nc3 h5 26. Bf2 b6 27. Ne2 f6 28. e6 Bh6 29. Be3 Bd5 30. Ng3 Bxe6 31. Nxh5 Kf7 32. Ng3 a4 33. a3 Ke8 34. Rd2 Rxd2 35. Bxd2 Rd8 36. Re1 Kf7 37. Ne4 Rd4 38. g3 Bd5 39. Nc3 1/2-1/2

[Event "Universidad de Cienfuegos-D 10th"]
[Site "Cienfuegos"]
[Date "2018.02.24"]
[Round "10"]
[White "Cabrera Gonzalez, Maximo Ariel"]
[Black "Figueredo Dominguez, Reinaldo R"]
[Result "0-1"]
[WhiteElo "1919"]
[BlackElo "1936"]
[PlyCount "116"]
[EventDate "2018.02.20"]
[EventType "tourn"]
[EventRounds "14"]
[EventCountry "CUB"]
[SourceTitle "EXT 2021"]
[Source "ChessBase"]
[SourceDate "2020.10.23"]
[SourceVersion "1"]
[SourceVersionDate "2020.10.23"]
[SourceQuality "1"]

1. e4 e5 2. Nf3 Nc6 3. Bb5 a6 4. Ba4 Nf6 5. 0-0 Be7 6. Re1 b5 7. Bb3 0-0 8. a4 Bb7 9. axb5 axb5 10. Rxa8 Qxa8 11. Nc3 b4 12. Nd5 Qd8 13. c3 bxc3 14. bxc3 d6 15. Nxe7+ Nxe7 16. Bc2 Qa8 17. Qe2 Ba6 18. Qe3 Ng6 19. d4 Qc6 20. dxe5 Ng4 21. Qd2 N4xe5 22. Nd4 Qc5 23. Nf5 Bc4 24. h4 Ra8 25. h5 Nf8 26. h6 Nfg6 27. hxg7 Ng4 28. Nh6+ Nxh6 29. Qxh6 Ra2 30. Be3 Qa5 31. Bb1 Ra1 32. Bd4 Ba2 33. Qd2 Bc4 34. Qb2 Qa8 35. Kh2 Nf4 36. Bf6 Ra5 37. Qd2 Rh5+ 38. Kg1 Ng6 39. Bd3 Be6 40. Rb1 Ne5 41. Qb2 Nd7 42. e5 dxe5 43. Be4 Qc8 44. Bb7 Qb8 45. Ra1 Nxf6 46. Ra8 Qxa8 47. Bxa8 Kxg7 48. Bf3 Rh4 49. Qb5 Nd7 50. Bc6 Bc4 51. Qa5 Nf6 52. Qxe5 Rh5 53. Qxc7 Bd5 54. Bxd5 Nxd5 55. Qg3+ Kf8 56. c4 Nf6 57. c5 Ne4 58. Qg4 Rh1+ 0-1

[Event "Universidad de Cienfuegos-D 10th"]
[Site "Cienfuegos"]
[Date "2018.02.22"]
[Round "6"]
[White "Figueredo Dominguez, Reinaldo R"]
[Black "Tanda Pretel, Rafael Antonio"]
[Result "1/2-1/2"]
[WhiteElo "1936"]
[BlackElo "1693"]
[PlyCount "36"]
[EventDate "2018.02.20"]
[EventType "tourn"]
[EventRounds "14"]
[EventCountry "CUB"]
[SourceTitle "EXT 2021"]
[Source "ChessBase"]
[SourceDate "2020.10.23"]
[SourceVersion "1"]
[SourceVersionDate "2020.10.23"]
[SourceQuality "1"]

1. e4 c6 2. d4 d5 3. e5 Bf5 4. Nf3 e6 5. Be2 Nd7 6. 0-0 h6 7. c4 Ne7 8. b3 Bh7 9. Ba3 Ng6 10. Bxf8 Ndxf8 11. cxd5 cxd5 12. Nc3 a6 13. g3 Nd7 14. Rc1 0-0 15. h4 Rc8 16. Bd3 Ne7 17. Bxh7+ Kxh7 18. Qd3+ Kg8 1/2-1/2

[Event "CUB School-chT"]
[Site "Santa Clara"]
[Date "2017.07.17"]
[Round "9.2"]
[White "Figueredo Dominguez, Reinaldo R"]
[Black "Arteaga Garcia, Alejandro"]
[Result "1/2-1/2"]
[WhiteElo "1869"]
[BlackElo "1974"]
[PlyCount "65"]
[EventDate "2017.07.13"]
[EventType "team-swiss"]
[EventRounds "9"]
[EventCountry "CUB"]
[SourceTitle "EXT 2023"]
[Source "ChessBase"]
[SourceDate "2022.10.05"]
[SourceVersion "1"]
[SourceVersionDate "2022.10.05"]
[SourceQuality "1"]

1. e4 c5 2. Nf3 Nc6 3. Bb5 g6 4. 0-0 Bg7 5. Nc3 e6 6. Re1 Nge7 7. d3 0-0 8. Bg5 h6 9. Bh4 Nd4 10. e5 a6 11. Ba4 g5 12. Bg3 Nef5 13. Nxd4 cxd4 14. Ne4 Nxg3 15. Nxg3 Qa5 16. Bb3 Bxe5 17. Qh5 Bxg3 18. fxg3 Kg7 19. Re4 f5 20. Re2 Qd8 21. Rf1 b5 22. Rfe1 Qf6 23. Re5 Rb8 24. c3 dxc3 25. bxc3 f4 26. gxf4 Qxf4 27. Qe2 Bb7 28. d4 Rf5 29. Rxf5 Qxf5 30. Rf1 Qe4 31. Qf2 Qf4 32. Qe2 Qe4 33. Qf2 1/2-1/2

[Event "CUB School-chT"]
[Site "Santa Clara"]
[Date "2017.07.14"]
[Round "4.5"]
[White "Figueredo Dominguez, Reinaldo R"]
[Black "Solares Orozco, Kebert"]
[Result "0-1"]
[WhiteElo "1869"]
[BlackElo "2000"]
[PlyCount "64"]
[EventDate "2017.07.13"]
[EventType "team-swiss"]
[EventRounds "9"]
[EventCountry "CUB"]
[SourceTitle "EXT 2023"]
[Source "ChessBase"]
[SourceDate "2022.10.05"]
[SourceVersion "1"]
[SourceVersionDate "2022.10.05"]
[SourceQuality "1"]

1. e4 c6 2. d4 d5 3. Nc3 dxe4 4. Nxe4 Bf5 5. Ng3 Bg6 6. h4 h6 7. Nf3 Nd7 8. h5 Bh7 9. Bd3 Bxd3 10. Qxd3 Qc7 11. Bd2 Ngf6 12. 0-0-0 0-0-0 13. Ne4 e6 14. Nxf6 Nxf6 15. Kb1 c5 16. c3 c4 17. Qe2 Bd6 18. g3 Kb8 19. Ne5 Rc8 20. f4 Nd5 21. Rhe1 Rhe8 22. Qg4 Re7 23. Qf3 Qa5 24. g4 Bxe5 25. Rxe5 f6 26. Ree1 Rc6 27. g5 Ra6 28. a3 Rb6 29. Ka1 Qb5 30. Rb1 Ra6 31. gxh6 Qb3 32. Bc1 Nb4 0-1

[Event "CUB School-chT"]
[Site "Santa Clara"]
[Date "2017.07.13"]
[Round "1.4"]
[White "Perez Marimon, Jorge De Jesus"]
[Black "Figueredo Dominguez, Reinaldo R"]
[Result "1-0"]
[WhiteElo "2164"]
[BlackElo "1869"]
[PlyCount "64"]
[EventDate "2017.07.13"]
[EventType "team-swiss"]
[EventRounds "9"]
[EventCountry "CUB"]
[SourceTitle "EXT 2023"]
[Source "ChessBase"]
[SourceDate "2022.10.05"]
[SourceVersion "1"]
[SourceVersionDate "2022.10.05"]
[SourceQuality "1"]

1. e4 e6 2. d4 d5 3. Nd2 Be7 4. Bd3 c5 5. dxc5 Bxc5 6. Ngf3 Nf6 7. Qe2 Nc6 8. 0-0 0-0 9. e5 Nd7 10. Nb3 Be7 11. c3 Qc7 12. Re1 b6 13. Nbd4 Nxd4 14. cxd4 f6 15. exf6 Nxf6 16. Bg5 Bd6 17. Rac1 Qb8 18. Ne5 Bxe5 19. dxe5 Ne4 20. Bxe4 dxe4 21. Be7 Rf5 22. Bd6 Qb7 23. Rc7 Qd5 24. Rd1 Ba6 25. Qg4 Rg5 26. Rxd5 Rxg4 27. Rd4 Rc8 28. Rxc8+ Bxc8 29. Bb8 Kf7 30. Bxa7 b5 31. Rd8 Ba6 32. Be3 h5 1-0